• 首页
  • 本馆介绍
  • 公告通知
  • 最新文献
  • 馆藏检索
  • 电子资源
  • 读者导购
  • 参考咨询
  • 我的图书馆
  • 登录
  • 详细信息显示
  • 放入我的书架
  • 预约/预借图书
  • 作者相关作品
  • 分类相关作品
  • 丛书相关作品
  • 出版社相关作品

书目信息

  • 表格格式
  • 工作单格式
  • 卡片格式
题名:
心理学与生活
    
 
作者: 格里格 , 津巴多 , 格里格 , 津巴多 著 ;王垒 译
分册:  
出版信息: 北京   人民邮电出版社  2016
页数: 31,687页
开本: 28cm
丛书名:
单 册:
中图分类: B84 , C913
科图分类:
主题词: 心理学--xin li xue--研究 , 心理学--xin li xue--应用--社会生活
电子资源:
ISBN: 978-7-115-40936-2
000 01325nam0 22003371 450
001 387896
005 20170502165605.0
010    @a978-7-115-40936-2@dCNY128.00
100    @a20160329d2016 em y0chiy50 ea
101 1  @achi@ceng
102    @aCN@b110000
105    @aa z 000yy
106    @ar
200 1  @a心理学与生活@9xin li xue yu sheng huo@dPsychology and life@f(美)理查德·格里格(Richard J. Gerrig),(美)菲利普·津巴多(Philip G. Zimbardo)著@g王垒等译@zeng
210    @a北京@c人民邮电出版社@d2016
215    @a31,687页@c图@d28cm
305    @a据原书第19版译出
306    @a与Pearson Education, Inc.合作出版
330    @a本书共16章,内容包括:生活中的心理学、心理学的研究方法、行为的生物学和进化基础、感觉和知觉、学习与行为分析、认知过程、心理治疗等。
510 1  @aPsychology and life@zeng
606 0  @a心理学@9xin li xue@x研究
606 0  @a心理学@9xin li xue@x应用@x社会生活
690    @aB84@v5
690    @aC913@v5
701  0 @c(美)@a格里格@9ge li ge@c(Gerrig, Richard J.)@4著
701  0 @c(美)@a津巴多@9jin ba duo@c(Zimbardo, Philip G.@f1933~)@4著
701  0 @c(美)@a格里格@9ge li ge@c(Gerrig, Richard J.)@4著
701  0 @c(美)@a津巴多@9jin ba duo@c(Zimbardo, Philip G.)@4著
702  0 @a王垒@9wang lei@f(1963-)@4译
801  0 @aCN@b百万庄@c20170308
905    @b1004630-3@dB84@e1688@f4
    
    心理学与生活=Psychology and life/(美)理查德·格里格(Richard J. Gerrig),(美)菲利普·津巴多(Philip G. Zimbardo)著/王垒等译.-北京:人民邮电出版社,2016
    31,687页:图;28cm
    
    
    ISBN 978-7-115-40936-2:CNY128.00
    本书共16章,内容包括:生活中的心理学、心理学的研究方法、行为的生物学和进化基础、感觉和知觉、学习与行为分析、认知过程、心理治疗等。
●
相关链接 在E读中查询图书 在五车中查询图书 在当当中查询图书 在豆瓣中查询图书


正题名:心理学与生活     索取号:B84/1688         预约/预借

序号 登录号 条形码 馆藏地/架位号 状态 备注
1 1004630   210046305   第一样本阅览室/ [索取号:B84/1688] 在馆    
2 1004631   210046314   教育系资料室/ [索取号:B84/1688] 在馆    
3 1004632   210046323   教育系资料室/ [索取号:B84/1688] 在馆    
4 1004633   210046332   教育系资料室/ [索取号:B84/1688] 在馆    
唐山师范学院图书馆 欢迎您!
大连网信软件有限公司© 版权所有